| 000 | 01310nam a2200337Ia 4500 | ||
|---|---|---|---|
| 001 | ebr10074984 | ||
| 003 | CaPaEBR | ||
| 006 | m u | ||
| 007 | cr cn||||||||| | ||
| 008 | 040921s2005 dcu sb 001 0 eng d | ||
| 010 | _z 2004053638 | ||
| 020 | _z0821359428 | ||
| 040 |
_aCaPaEBR _cCaPaEBR |
||
| 035 | _a(OCoLC)57600056 | ||
| 050 | 1 | 4 |
_aHD1741.M33 _bA94 2005eb |
| 082 | 0 | 4 |
_a333.91/3/096623 _222 |
| 100 | 1 |
_aAw, Djibril, _d1935- |
|
| 245 | 1 | 0 |
_aMaking a large irrigation scheme work _h[electronic resource] : _ba case study from Mali / _cDjibril Aw, Geert Diemer. |
| 260 |
_aWashington, DC : _bWorld Bank, _c2005. |
||
| 300 | _axx, 156 p. | ||
| 490 | 1 | _aDirections in development | |
| 504 | _aIncludes bibliographical references and index. | ||
| 533 |
_aElectronic reproduction. _bPalo Alto, Calif. : _cebrary, _d2009. _nAvailable via World Wide Web. _nAccess may be limited to ebrary affiliated libraries. |
||
| 650 | 0 |
_aIrrigation _zMali. |
|
| 650 | 0 |
_aWater resources development _zMali. |
|
| 655 | 7 |
_aElectronic books. _2local |
|
| 700 | 1 | _aDiemer, Geert. | |
| 710 | 2 | _aebrary, Inc. | |
| 830 | 0 | _aDirections in development (Washington, D.C.) | |
| 856 | 4 | 0 |
_uhttp://site.ebrary.com/lib/rucke/Doc?id=10074984 _zAn electronic book accessible through the World Wide Web; click to view |
| 999 |
_c154376 _d154376 |
||